UNESCO World Heritage Sites on the Map - Statistics

General Stats
  • This quiz has been taken 3,767 times
    1,425 since last reset
  • The average score is 19 of 31
Answers on the Map
Answers color-coded by a green-red scale on the quiz's map according to % correct below.
 
Answer Stats
Site % Correct
Pyramids of Giza
90%
Machu Picchu
85%
Taj Mahal
84%
Acropolis
80%
Stonehenge
80%
Easter Island
79%
Galápagos Islands
78%
Grand Canyon
72%
Kremlin and Red Square
71%
Yellowstone
71%
Great Barrier Reef
69%
Uluru
68%
Petra
67%
Angkor
65%
Sydney Opera House
65%
Everglades
63%
The Great Wall
62%
Timbuktu
62%
Statue of Liberty
59%
Forbidden City
58%
Mount Fuji
58%
Victoria Falls
55%
Yosemite
53%
Chichen-Itza
49%
Giant’s Causeway
48%
Alhambra
47%
Kyoto
46%
Iguazu Falls
39%
Ha Long Bay
26%
Canadian Rocky Mountain Parks
19%
Robben Island
15%
No matching quizzes found
Score Distribution
Percent of People with Each Score
Percentile by Number Answered
Your Score History
You have not taken this quiz since the last reset